00494nam a2200181Ia 450000100060000000800410000602000180004704000130006508200200007810000150009824500500011326000090016330000110017254600070018394200070019099900170019795200980021411062140331s9999 xx 000 0 und d a0-684-80416-6 cPK-LaUMT a 282.092bSZU-P aSzulc, Tad aPope John Paul II : The biographycSzulc, Tad c1995 a542 p. aEN cBK c11983d11983 00104070a01b01d2014-03-31l0o 282.092 SZU-Pp12771r2014-04-21 00:00:00w2014-04-21yBK